Normal view
MARC view
- اللغة العربية -- قواميس
Entry Topical Term
001 - CONTROL NUMBER
- control field: 26375
003 - CONTROL NUMBER IDENTIFIER
- control field: JO-AjAnu
005 - DATE AND TIME OF LATEST TRANSACTION
- control field: 20230606074508.0
008 - FIXED-LENGTH DATA ELEMENTS
- fixed length control field: 230606|| aca||aabn | a|a d
040 ## - CATALOGING SOURCE
- Original cataloging agency: JO-AjAnu
- Transcribing agency: JO-AjAnu
150 ## - HEADING--TOPICAL TERM
- Topical term or geographic name entry element: اللغة العربية -- قواميس
670 ## - SOURCE DATA FOUND
- Source citation: Work cat.: (JO-AjAnu)13553: ابن منظور، جمال الدين محمد بن مكرم, author 26374, لسان العرب